Worst Passwords - Statistics

General Stats
  • This quiz has been taken 18,103 times
  • The average score is 7 of 9
Answer Stats
Hint Answer % Correct
This is 5 digits long 12345
96%
This was the worst password for years but hit #2 this year (hint) a word password
88%
Reverse order of numbers 6 digits 654321
87%
Honorable mention 6 digits long all same digit 111111
86%
Top Terrible Password for 5th year in a row (hint all 6#s) 123456
83%
This dropped from #3 to #4 this year and 8 digits long 12345678
76%
This just hit #3 and is 9 digits long 123456789
73%
Famous duck would be proud as would a humble President of USA Donald
66%
Broke into top 25 and is on your shoulder as John Denver says sunshine
14%
No matching quizzes found
Score Distribution
Percent of People with Each Score
Percentile by Number Answered
Your Score History
You have not taken this quiz